Anime Villains Quiz - Statistics

General Stats
  • This quiz has been taken 2,309 times
  • The average score is 23 of 41
Answer Stats
Picture Answer % Correct
Light
90%
Sukuna
88%
Eren
87%
Madara
85%
Hisoka
80%
Muzan
80%
Orochimaru
76%
Aizen
75%
Big Mom
75%
Frieza
73%
Makima
73%
Geto
72%
Mahito
71%
Beerus
70%
Dio
70%
Lelouch
70%
Akaza
67%
Dabi
66%
James
63%
Meruem
63%
Griffith
62%
Jessie
62%
Akainu
58%
Chrollo
57%
Garou
57%
Shigaraki
55%
Kokushibo
46%
Overhaul
44%
Johan
41%
Kaidou
39%
Boros
38%
Askeladd
34%
Gilgamesh
30%
Yhwach
28%
Shou
26%
Licht
24%
Dante
19%
Chuuya
16%
Akutagawa
12%
Mars
12%
Akihiko
8%
No matching quizzes found
Score Distribution
Percent of People with Each Score
Percentile by Number Answered
Your Score History
You have not taken this quiz